A comer! / (Record no. 21251)
[ view plain ]
| 000 -LEADER | |
|---|---|
| fixed length control field | 00906nam a2200253 a 4500 |
| 001 - CONTROL NUMBER | |
| control field | sjdsCFL422697 |
| 003 - CONTROL NUMBER IDENTIFIER | |
| control field | sjds |
| 005 - DATE AND TIME OF LATEST TRANSACTION | |
| control field | 20251119022451.0 |
| 008 - FIXED-LENGTH DATA ELEMENTS--GENERAL INFORMATION | |
| fixed length control field | 990714s1999 nyu b 000 1 spa d |
| 020 ## - INTERNATIONAL STANDARD BOOK NUMBER | |
| International Standard Book Number | 0439071917 (pbk.) |
| 020 ## - INTERNATIONAL STANDARD BOOK NUMBER | |
| International Standard Book Number | 9780439071918 (pbk.) |
| 040 ## - CATALOGING SOURCE | |
| Original cataloging agency | PWmBRO |
| Transcribing agency | sjds |
| 041 1# - LANGUAGE CODE | |
| Language code of text/sound track or separate title | spa |
| Language code of original | eng |
| 100 1# - MAIN ENTRY--PERSONAL NAME | |
| Personal name | Zamorano, Ana. |
| 245 12 - TITLE STATEMENT | |
| Title | A comer! / |
| Statement of responsibility, etc. | escrito por Ana Zamorano ; ilustrado por Julie Vivas ; traducido por Susana Pasternac. |
| 260 ## - PUBLICATION, DISTRIBUTION, ETC. (IMPRINT) | |
| Place of publication, distribution, etc. | New York : |
| Name of publisher, distributor, etc. | Scholastic, |
| Date of publication, distribution, etc. | c1999. |
| 300 ## - PHYSICAL DESCRIPTION | |
| Extent | 1 v. (unpaged) : |
| Other physical details | col. ill. ; |
| Dimensions | 25 cm. |
| 520 ## - SUMMARY, ETC. | |
| Summary, etc. | Each day Antonio's Mama tries to get everyone to sit down together to eat, but someone is always busy elsewhere, until the family celebrates a new arrival. |
| 650 #1 - SUBJECT ADDED ENTRY--TOPICAL TERM | |
| Topical term or geographic name as entry element | Dinners and dining |
| Form subdivision | Fiction. |
| 650 #1 - SUBJECT ADDED ENTRY--TOPICAL TERM | |
| Topical term or geographic name as entry element | Family life |
| Form subdivision | Fiction. |
| 650 #1 - SUBJECT ADDED ENTRY--TOPICAL TERM | |
| Topical term or geographic name as entry element | Spaniards |
| Form subdivision | Fiction. |
| 700 1# - ADDED ENTRY--PERSONAL NAME | |
| Personal name | Vivas, Julie, |
| Dates associated with a name | 1947- |
| Relator term | ill. |
| 942 ## - ADDED ENTRY ELEMENTS (KOHA) | |
| Koha item type | Libro/Book |
| Withdrawn status | Lost status | Source of classification or shelving scheme | Damaged status | Not for loan | Home library | Current library | Date acquired | Total Checkouts | Barcode | Date last seen | Date checked out | Price effective from | Koha item type | Shelving location | Full call number |
|---|---|---|---|---|---|---|---|---|---|---|---|---|---|---|---|
| San Juan Del Sur -- Biblioteca | San Juan Del Sur -- Biblioteca | 19/11/2025 | 30023486 | 19/11/2025 | 19/11/2025 | Libro/Book | Children's Area | JI ESPANOL | |||||||
| Dewey Decimal Classification | Sevadilla -- Satellite | Sevadilla -- Satellite | 14/05/2019 | 1 | 35400138 | 22/11/2022 | 25/04/2022 | 14/05/2019 | Libro/Book |